Database management concepts

This concise yet comprehensive introduction to fundamental database concepts is an indispensable resource to develop your knowledge of database management concepts. This book's advanced topics include distributed databases, data warehouses, stored procedures, and triggers fostering an in-depth...

Cur síos iomlán

Đã lưu trong:
Sonraí Bibleagrafaíochta
Príomhúdar: Adamski, Joseph J.
Formáid: Leabhar
Teanga:Undetermined
Foilsithe: Boston, Mass. Course Technology 2012
Ábhair:
Clibeanna: Cuir Clib Leis
Gan Chlibeanna, Bí ar an gcéad duine leis an taifead seo a chlibeáil!
Thư viện lưu trữ: Trung tâm Học liệu Trường Đại học Cần Thơ
LEADER 00970nam a2200205Ia 4500
001 CTU_187915
008 210402s9999 xx 000 0 und d
020 |c 1825000 
082 |a 005.756 
082 |b A211 
100 |a Adamski, Joseph J. 
245 0 |a Database management concepts 
245 0 |c Joseph J. Adamski, Philip J. Pratt 
260 |a Boston, Mass. 
260 |b Course Technology 
260 |c 2012 
520 |a This concise yet comprehensive introduction to fundamental database concepts is an indispensable resource to develop your knowledge of database management concepts. This book's advanced topics include distributed databases, data warehouses, stored procedures, and triggers fostering an in-depth understanding of database management that will prepare users for success in their fields. 
650 |a Database management,Quản trị cơ sở dữ liệu 
910 |a Hải 
980 |a Trung tâm Học liệu Trường Đại học Cần Thơ